|
|
|
แสดงรายละเอียดบรรณานุกรม |
|
|
Brief Record
: Get Marc (ISO 2709)
: E-mail record
: |
|
|
| LEADER 00000nam 2200000uu 4500 | |||
| 001 49497 | |||
| 003 ULIBM | |||
| 008 161013s||||||||th 000 0 tha d | |||
| 020 ^a9786165180283 | |||
| 082 04 ^a923.132^bย-พ | |||
| 100 1 ^aยานางาวะ, โซโซ | |||
| 245 10 ^aพระนางคลีโอพัตรา /^cโซโซ ยานางาวะและซากุจิ โยชิมุระ | |||
| 250 ^aพิมพ์ครั้งที่ 1 | |||
| 260 ^aกรุงเทพฯ :^bอมรินทร์คอมมิกส์,^c2552 | |||
| 300 ^a142 หน้า 125 บาท | |||
| 440 0 ^aชุด คนของโลก | |||
| 600 00 ^aคลีโอพัตรา | |||
| 651 7 ^aอียิปต์^xราชินี | |||
| 651 7 ^aอียิปต์^xประวัติศาสตร์ | |||
| 700 0 ^aฉวีวงศ์ อัศวเสนา,^eผู้แปล | |||
| 700 0 ^a โยชิมุระ,ซากุจิ | |||
| 999 ^aRungradtana Banrungjit | |||
| คุณยังไม่ได้ล็อกอิน คุณสามารถมีกิจกรรมร่วมกับเว็บไซต์ได้ แต่ต้องล็อกอินก่อน :: |
|
| สถานะ | |||||||||
| 1. | หนังสือ | 923.132 ย-พ c.1 Barcode: 081430 | ►หนังสือทั่วไป | On Shelf ขอยืม | |||||
| [แสดง 1/1 รายการ] | |||||||||

BibComment |
| คอมเมนท์ทรัพยากรรายการนี้ |
|
|
ห้องสมุดโรงเรียนสามัคคีวิทยาคม
159 ถ.บรรพปราการ ต.เวียง อ.เมือง จ.เชียงราย 57000
โทร. 053-711018 โทรสาร 053-713003